000 00844nam a2200229 a 4500
001 000013883
005 20240530073932.0
008 091201s1998 dr 000 e spa d
020 _a848995304X
040 _aDO-SdBNP
_bspa
_cBNPHU
082 _aRD864.44
_bR457p
100 1 _aReyes Sánchez, Miguel
_d1966-
_92285
245 1 0 _aParadigmas de la razón /
_cMiguel Reyes Sánchez ; prólogo Fernando Pérez Memén.
260 _aSanto Domingo :
_bBanco Central de la República Dominicana,
_c1998.
300 _a172 p. ;
_c23 cm.
500 _aIncluye datos biográficos del autor en las solapas de la cubierta
650 0 _aEnsayos dominicanos
_965
650 4 _aCrítica literaria
_93141
650 0 _aLiteratura dominicana.
_967
700 1 _aPérez Memén, Fernando,
_d1943-
_epról.
_938744
910 _aValidado. Control de calidad BNPHU
999 _c13489
_d13489